[Event "Bayernliga U20 1516"]
[Site "Bayern"]
[Date "2016.02.27"]
[Round "6.6"]
[White "Michel, Philipp"]
[Black "Schwab, Leon"]
[Result "0-1"]
[WhiteElo "1435"]
[BlackElo "1429"]
[PlyCount "42"]
[EventDate "2015.11.21"]
[EventType "team-tourn"]
[EventRounds "7"]
[EventCountry "GER"]
[SourceTitle "EXT 2022"]
[Source "ChessBase"]
[SourceDate "2021.10.06"]
[SourceVersion "1"]
[SourceVersionDate "2021.10.06"]
[SourceQuality "1"]
[WhiteTeam "Forchheim SC U20"]
[BlackTeam "Kelheim SK U20"]
[WhiteTeamCountry "GER"]
[BlackTeamCountry "GER"]

1. c4 Nf6 2. d4 d6 3. Nc3 g6 4. Nf3 Bg7 5. Bg5 0-0 6. e3 Nc6 7. Bd3 Re8 8. 0-0 e5 9. Re1 h6 10. Bxf6 Bxf6 11. Be4 Bd7 12. Bd5 exd4 13. Qd3 Bf5 14. e4 dxc3 15. exf5 Nb4 16. fxg6 Rxe1+ 17. Rxe1 Nxd3 18. gxf7+ Kf8 19. Re8+ Qxe8 20. fxe8Q+ Rxe8 21. bxc3 c6 0-1

[Event "Bayernliga U20 1516"]
[Site "Bayern"]
[Date "2015.12.19"]
[Round "3.5"]
[White "Michel, Philipp"]
[Black "Boese, Carolin"]
[Result "0-1"]
[WhiteElo "1435"]
[BlackElo "1632"]
[PlyCount "120"]
[EventDate "2015.11.21"]
[EventType "team-tourn"]
[EventRounds "7"]
[EventCountry "GER"]
[SourceTitle "EXT 2022"]
[Source "ChessBase"]
[SourceDate "2021.10.06"]
[SourceVersion "1"]
[SourceVersionDate "2021.10.06"]
[SourceQuality "1"]
[WhiteTeam "Forchheim SC U20"]
[BlackTeam "Bechhofen U20"]
[WhiteTeamCountry "GER"]
[BlackTeamCountry "GER"]

1. c4 d5 2. cxd5 Nf6 3. Nc3 Nxd5 4. Nf3 Nc6 5. d4 Bf5 6. a3 e6 7. g3 Bd6 8. Bg2 f6 9. 0-0 g5 10. Re1 Qd7 11. e4 Nxc3 12. bxc3 Bg4 13. d5 Ne7 14. Qd4 e5 15. Qe3 h6 16. a4 0-0-0 17. Qxa7 c6 18. Rb1 cxd5 19. a5 Nc6 20. Qa8+ Nb8 21. Re2 Rh7 22. Reb2 Qc7 23. h3 Be6 24. Bf1 dxe4 25. a6 Bd5 26. a7 exf3 27. Ba6 Rdd7 28. axb8Q+ Qxb8 29. Qxb8+ Kxb8 30. c4 Bc6 31. Bb5 Bxb5 32. Rxb5 Rc7 33. R5b3 e4 34. Rc3 Be5 35. Rc2 Rc6 36. Rb5 Rhc7 37. c5 Rc8 38. g4 b6 39. Be3 Kb7 40. Rc1 Bd6 41. Rxb6+ Rxb6 42. cxb6 Rxc1+ 43. Bxc1 Kxb6 44. Bb2 Be7 45. Kh2 Kc5 46. Bc1 Kc4 47. h4 Kd3 48. Be3 Bb4 49. hxg5 fxg5 50. Kg3 Bd2 51. Bc5 Bf4+ 52. Kh3 e3 53. fxe3 Bxe3 54. Bxe3 Kxe3 55. Kh2 f2 56. Kg3 f1Q 57. Kh2 Qf3 58. Kg1 Qe2 59. Kh1 Kf3 60. Kg1 Qg2# 0-1

[Event "Seebach op 23rd"]
[Site "Grossenseebach"]
[Date "2012.06.07"]
[Round "2"]
[White "Michel, Philipp"]
[Black "Borel, Florian"]
[Result "0-1"]
[WhiteElo "777"]
[BlackElo "1135"]
[PlyCount "82"]
[EventDate "2012.06.07"]
[EventType "swiss"]
[EventRounds "7"]
[EventCountry "GER"]
[SourceTitle "EXT 2013"]
[Source "ChessBase"]
[SourceDate "2012.11.22"]
[SourceVersion "1"]
[SourceVersionDate "2012.11.22"]
[SourceQuality "1"]

1. e4 e5 2. Nf3 Nc6 3. Bb5 Nf6 4. Nc3 Bb4 5. Qe2 a6 6. Bxc6 dxc6 7. 0-0 Bg4 8. Nd1 0-0 9. c3 Bc5 10. Ne3 Bxe3 11. Qxe3 Re8 12. Qg5 Bxf3 13. gxf3 h6 14. Qe3 Nh5 15. Kh1 Qh4 16. Rg1 Nf4 17. Rg4 Qh5 18. d4 Nh3 19. dxe5 g5 20. Rg3 Rxe5 21. Kg2 Nf4+ 22. Kh1 f5 23. Qd4 Ng6 24. exf5 Rxf5 25. f4 g4 26. Qd1 Nxf4 27. Rxg4+ Kh8 28. Qd7 Qxg4 29. Bxf4 Qxf4 30. Rg1 Rg5 31. Rxg5 Qxg5 32. Qxc7 Rg8 33. Qg3 Qc1+ 34. Kg2 h5 35. Kh3 Qf1+ 36. Kh4 Rxg3 37. Kxg3 Qd3+ 38. Kh4 Qf3 39. h3 Kg7 40. a4 Kg6 41. c4 Qf4# 0-1

[Event "Seebach op 23rd"]
[Site "Grossenseebach"]
[Date "2012.06.07"]
[Round "1"]
[White "Siegl, Adrian"]
[Black "Michel, Philipp"]
[Result "1-0"]
[WhiteElo "1488"]
[BlackElo "777"]
[PlyCount "73"]
[EventDate "2012.06.07"]
[EventType "swiss"]
[EventRounds "7"]
[EventCountry "GER"]
[SourceTitle "EXT 2013"]
[Source "ChessBase"]
[SourceDate "2012.11.22"]
[SourceVersion "1"]
[SourceVersionDate "2012.11.22"]
[SourceQuality "1"]

1. e4 e5 2. Nf3 Nc6 3. d4 exd4 4. Nxd4 Nxd4 5. Qxd4 Bc5 6. Qxc5 d6 7. Qd4 Nf6 8. Bc4 c5 9. Bb5+ Ke7 10. Qd3 a6 11. Bc4 b5 12. Bd5 Nxd5 13. Qxd5 Be6 14. Qg5+ f6 15. Qxg7+ Bf7 16. Nc3 Ke6 17. Qg4+ Ke7 18. Nd5+ Bxd5 19. exd5 h5 20. Qg7+ Ke8 21. Qxh8+ Kd7 22. Qxh5 Qe7+ 23. Be3 Qe4 24. Qf7+ Qe7 25. Qxe7+ Kxe7 26. h4 Kf7 27. h5 Kg8 28. h6 Kh7 29. Kd2 Kg8 30. g4 Rb8 31. f4 Kh8 32. g5 fxg5 33. fxg5 Rg8 34. Raf1 c4 35. h7 Rg6 36. Rf8+ Kg7 37. h8Q# 1-0